| 000 | 01001nam a22001935i 4500 | ||
|---|---|---|---|
| 001 | 165490 | ||
| 003 | ES-MaACL | ||
| 005 | 20230906213140.0 | ||
| 008 | 050726s1866 sp | |||||||| ||spa d | ||
| 080 | _a338.47(460):656.2 | ||
| 080 | _a625.1/.5:061.5(460.235 B.) | ||
| 110 | 2 |
_aSociedad Ferro-carril de Zaragoza a Barcelona. _9134895 |
|
| 245 | 1 | 0 |
_aFerro-carril de Zaragoza a Barcelona : _bJunta General ordinaria celebrada el día 28 de marzo de 1866. |
| 260 |
_aBarcelona : _b[s.n.], _c1866 ( _fEstab. tip. de Narciso Ramírez y Compañía) |
||
| 300 |
_a25, [13] p., [3] h. pleg. ; _c24 cm. |
||
| 505 | 8 | _aContiene: Memoria del Consejo de Administración; balance cerrado en 31 de diciembre de 1865; estado de gastos; estado de explotación de 1865 . Explotación . Resumen de la estadística correspondiente al ejercicio de 1865 | |
| 650 | 4 |
_aTransportes ferroviarios- _zEspaña. _9149654 |
|
| 852 | 4 |
_aES-MaACL _jT-76-F-8 _z- Enc. hol., falto de cub. original _z- Enc. en un vol. facticio |
|
| 999 |
_c165490 _d165490 |
||